| 000 | 00757cam a2200241 a 4500 | ||
|---|---|---|---|
| 001 | 000003819 | ||
| 003 | DO-SdBNP | ||
| 005 | 20220921095452.0 | ||
| 007 | ta | ||
| 008 | 730208s1969 nyua j 000 0 eng | ||
| 040 |
_aDO-SdBNP _bspa _cBNPHU |
||
| 082 | 4 |
_a823.914 _bC726g _222 |
|
| 100 | 1 |
_aColum, Padraic, _d1881-1972. _911574 |
|
| 245 | 1 | 0 |
_aThe golden fleece and the heroes who lived before Achilles, / _cPadraic Colum; ilustración, Willy Pogany. |
| 260 |
_aNew York : _bThe Macmillan Company, _c1969. |
||
| 300 |
_aix, 289 p. : _bil. ; _c19 cm. |
||
| 590 | _aInventariado, 2022 / DG | ||
| 650 | 4 |
_aNovela inglesa _91071 |
|
| 650 | 4 |
_aLiteratura inglesa _9498 |
|
| 700 | 1 |
_aPogany, Willy, _d1882-1955, _eil. _911575 |
|
| 910 | _aDG | ||
| 942 |
_2ddc _cLBS1 |
||
| 999 |
_c3641 _d3641 |
||